Filmkomponisten zuordnen - Statistiken

Allgemein
  • Dieses Quiz wurde 102 mal gespielt
  • Das Durchschnittsergebnis liegt bei 6 aus 15
Antwortstatistiken
Hint Antwort % Korrekt
John Williams Star Wars
78%
Klaus Doldinger Das Boot
59%
Ennio Morricone Spiel mir das Lied vom Tod
59%
Hans Zimmer Der König der Löwen
51%
Howard Shore Der Herr der Ringe
49%
Harold Faltermeyer Beverly Hills Cop
34%
John Carpenter Halloween
33%
Vangelis Blade Runner
29%
Henry Mancini Der rosarote Panther
28%
Bill Conti Rocky
28%
Danny Elfman Spider-Man
27%
James Horner Titanic
26%
Steve Jablonsky Transformers
26%
Alan Silvestri Zurück in die Zukunft
26%
James Newton Howard Die Tribute von Panem
22%
Keine übereinstimmenden Quizze gefunden
Verteilung der Resultate
Anzahl Personen mit jedem Resultat
Perzentil nach korrekt beantworteten Fragen
Ihre Resultats-Entwicklung
Sie haben dieses Quiz noch nicht gespielt